00478nam a2200121Ia 4500008004100000082001800041100002200059245007800081260003500159365000600194630007800200730007800278100415s9999 xx 000 0 und d b6835a598.291 aBlair John (ed.) aBirds of Moor, Lack and Stream : A Popular Handbook and Illustrated Guide aLONDONc1969bWR CHAMBERS LTD. b0 aBirds of Moor, Lack and Stream : A Popular Handbook and Illustrated Guide aBirds of Moor, Lack and Stream : A Popular Handbook and Illustrated Guide